00622nam a2200193Ia 4500003000900000008004100009040001600050080001600066100002500082245008000107260004100187300001600228650001300244650003000257650003000287942000700317999001300324952009100337IN-BaIIA211028s9999 xx 000 0 eng d cIIA Library a083:51bSCH aSchlomilch, O.91498 0aFunfstellige logarithmisch und trigonometrische TafelncO. Schlomilch  aBraunschweigbDruck Und Verlagc1866 axxvi, 170p. aArchives aTables-Trigonometry91499 aTrigonometry-Tables91500 cBK c702d702 00104070aBANbKODcGENd0000-00-00l0o083:51/ SCHp726r2021-11-05w0000-00-00yBK